Statistics for Largest non-capital cities by country #1

Click here to take the quiz!

General Stats

  • This quiz has been taken 50 times
  • The average score is 22 of 30

Answer Stats

CountryLargest non capital city% Correct
IndiaMumbai
100%
RussiaSt Petersburg
98%
ItalyMilan
96%
EgyptAlexandria
96%
MoroccoCasablanca
96%
JapanOsaka
93%
GermanyHamburg
93%
FranceLyon
93%
NetherlandsRotterdam
93%
SwitzerlandZurich
93%
New ZealandAuckland
91%
VietnamHo chi minh city
91%
PolandKrakow
89%
SwedenGothenburg
83%
MexicoGuadalajara
83%
ColombiaMedellin
80%
South KoreaBusan
76%
GreeceThessaloniki
76%
TanzaniaDar Es Salaam
74%
Cote d IvoireAbidjan
67%
MyanmarYangon
67%
BangladeshChittagong
57%
AlgeriaOran
54%
IndonesiaSurabaya
52%
ArgentinaCórdoba
46%
UkraineKharkiv
46%
VenezuelaMaracaibo
43%
DRCLubumbashi
37%
CubaSantiago de cuba
26%
MalaysiaSeberang perai
2%

Score Distribution

Percentile by Number Answered

Percent of People with Each Score

Your Score History

You have not taken this quiz